000 00269nam a2200121Ia 4500
008 241002s9999 xx 000 0 und d
082 _a808.3 TOL
100 _aTolstoy, Leo
245 0 _aWar and Peace
260 _aBombay:
_c1956
600 _aLiterature
942 _cUC
999 _c18912
_d18912